| 000 | 01086aam a2200397 4500 | ||
|---|---|---|---|
| 005 | 20250624181707.0 | ||
| 008 | 150629b2013 xxu||||| |||| 00| 0 spa d | ||
| 041 | _aESP | ||
| 082 | _a005.54 Ch486m | ||
| 100 | _aCharte, Ojeda, Francisco | ||
| 245 | _aManual avanzado de excel 2013 | ||
| 260 |
_aEspaña _bAnaya _c2013 |
||
| 300 | _a423 páginas | ||
| 490 | _aDirección y Administración de Empresa | ||
| 490 | _aSecretariado Ejecutivo | ||
| 490 | _aTecnologías de la Información | ||
| 650 | _aEXCEL | ||
| 650 | _aGRÁFICOS POR COMPUTADORA | ||
| 650 | _aHOJA DE CALCULO | ||
| 650 | _aEDICIÓN DE DATOS | ||
| 650 | _aFORMULAS DE EXCEL | ||
| 650 | _aANÁLISIS DE DATOS | ||
| 650 | _aGRÁFICOS | ||
| 650 | _aDIAGRAMAS | ||
| 650 | _aPUBLICACIÓN DE DATOS | ||
| 650 | _aFUNCIONES LOGICAS | ||
| 650 | _aBUSQUEDA DE DATOS | ||
| 650 | _aMACROS | ||
| 650 | _aVARIABLES | ||
| 650 | _aEXPRESIONES | ||
| 650 | _aESTRUCTURA DE CONTROL | ||
| 650 | _aMANIPULACIÓN DE DATOS | ||
| 650 | _aTRABAJO EN GRUPO | ||
| 650 | _aSEGURIDAD DE DATOS | ||
| 942 |
_cBK _2ddc |
||
| 999 |
_c3162 _d3162 |
||